| 000 | 01414ngm a22004090a 4500 | ||
|---|---|---|---|
| 001 | PT16559 | ||
| 003 | AR-LpoUNG | ||
| 005 | 20210202000216.0 | ||
| 007 | vd cvaizq | ||
| 008 | 191001ss. f||||ag |||||||||||||||||spa d | ||
| 037 | _c$8.33 | ||
| 040 |
_aAR-LpoUNG _bspa _cAR-LpoUNG _eaacr |
||
| 041 | _aspa | ||
| 044 | _aag | ||
| 082 | 0 | _a982.064 836vid | |
| 100 | 1 | _aBrenman, Darío | |
| 245 | 1 | 0 |
_aDe vida y memoria : _btestimonio de familiares y amigos de las víctimas del atentado contra la A.M.I.A. |
| 260 |
_aBuenos Aires : _bBlackman, _cs. f.. |
||
| 300 | _aVHS (95 min.) : son., col. | ||
| 505 | 0 | _aGuión: Mario Omar Medina, Gerardo R. Zappa. | |
| 520 | _aEn la mañana del 18 de julio de 1994, los argetinos volvimos a sufrir el horror: una bomba estallaba en el edificio de la A.M.I.A (Asociación Mutual Israelí-Argentina), situaldo en el barrio de Once de Capital Federal. A partir de entonces, los familiares y amigos de las vistimas no han cesado en su reclamo de justicia | ||
| 650 | 4 | _aARGENTINA | |
| 650 | 4 | _aCONFLICTOS POLITICOS | |
| 650 | 4 | _aDELITOS | |
| 650 | 4 | _aISRAEL | |
| 650 | 4 | _aISRAELIES | |
| 650 | 4 | _aPOLITICA | |
| 650 | 4 | _aPROBLEMAS SOCIALES | |
| 650 | 4 | _aTERRORISMO | |
| 650 | 4 | _aVIOLENCIA | |
| 651 | 4 | _aArgentina | |
| 653 | _aDOCUMENTALES | ||
| 653 | _aVIDEOS | ||
| 710 | 2 | _aTentempie Producciones Audiovisuales | |
| 905 | _a16559 | ||
| 942 | _cVIDEO | ||
| 999 |
_c54342 _d54342 |
||